000
00274nam a2200097Ia 4500
008
220204s9999 xx 000 0 und d
082
_a
91(540)
_b
IND.1
245
0
_a
Gazetter of India. V1.Country and people
260
_a
Delhi
_b
Min Information &Broadcasting
_c
1965
942
_c
BK
999
_c
40629
_d
40629